000 00393cam a2200169ua 4500
020 _c1.25
041 _amal
_h
082 _a894.812308
_bNAN/NH
100 _aNandakumar, V T.
245 _aNjanjool /
_cV T Nandkumar.
_hTextual Documents
260 _aThrissur :
_bCurrent Books ,
_c1966.
300 _a82 ; .
365 _a1.25
504 _a
942 _cBK
999 _c4516
_d4516